LEADER 00825nam a2200205 i 4500 001 000000207580 003 CaOOAMICUS 005 20240213145214.0 008 111102s1827 it u000 u ita u 013 $a186358 026 $aZANI a,o: o.ro egse (3) 1827 (A) 040 $aSeMil$bita 245 10$aVol. 11. 300 $a401, [3] p. 500 $aContiene: Il mondo morale : conversazioni della Congrega de' pellegrini (parte terza) 773 0 $aGozzi, Gasparo <1713-1786>$tOpere del conte Gasparo Gozzi viniziano. Vol. 1. [-20.].$dBergamo : presso Tommaso Fantozzi, 1825-1829 (Brescia : Coi tipi di Gaetano Venturini)$g11$w()25693 850 $aSeMil 852 $aSeMil$W1$xVenegono$y1$m1P IV 27 FA$j158039$B158039$CSeMilBibl$Z2$F169300 $8I 996 $6245$aVol. 11$9(OLS)http://semarc/title/111152 LEADER 00456nab a2200145 i 4500 001 000000284472 003 CaOOAMICUS 005 20180831165256.0 008 180831n xx uu u0 0und r 013 $a37779 040 $aSeMil$bita 245 10$a[SENZA TITOLO]. 500 $aMarzo 1964, Anno 33. 773 0 $t1963-1964 : settembre-maggio.$dTorino : Ufficio Catechistico Centrale Salesiano, 1964.$w()239092 996 $6245$a[SENZA TITOLO]$9(OLS)http://semarc/title/354609